000 01238cam a22003493a 4500
001 21404
003 PGUSA
005 20140828083445.0
008 070509s2007||||xxu|||||s|||||000 1 eng d
040 _aPGUSA
_beng
042 _adc
050 4 _aPZ
100 1 _aKingston, William Henry Giles,
_d1814-1880
245 1 0 _aFrom Powder Monkey to Admiral :
_bA Story of Naval Adventure
_h[electronic resource] /
_cWilliam Henry Giles Kingston
260 _bProject Gutenberg,
_c2007
506 _aPublic domain in the USA.
516 _aElectronic text
653 _aAdventure and adventurers -- Juvenile fiction
653 _aTreasure troves -- Juvenile fiction
653 _aRescues -- Juvenile fiction
653 _aShip captains -- Juvenile fiction
653 _aVoyages and travels -- Juvenile fiction
653 _aGreat Britain -- History, Naval -- 18th century -- Juvenile fiction
653 _aSmugglers -- Juvenile fiction
653 _aSailing -- Juvenile fiction
653 _aSeafaring life -- Juvenile fiction
653 _aShipwrecks -- Juvenile fiction
700 1 _aWebb, Archibald,
_d1887-1944
830 0 _aProject Gutenberg
_v21404
856 4 0 _uhttp://www.gutenberg.org/ebooks/21404
942 _cEB
999 _c250659
_d250659